<?xml version="1.0" encoding="UTF-8"?>
<record
    xmlns:xsi="http://www.w3.org/2001/XMLSchema-instance"
    xsi:schemaLocation="http://www.loc.gov/MARC21/slim http://www.loc.gov/standards/marcxml/schema/MARC21slim.xsd"
    xmlns="http://www.loc.gov/MARC21/slim">

  <leader>01239nam a22001937a 4500</leader>
  <datafield tag="952" ind1=" " ind2=" ">
    <subfield code="0">0</subfield>
    <subfield code="1">0</subfield>
    <subfield code="2">lcc</subfield>
    <subfield code="4">0</subfield>
    <subfield code="7">0</subfield>
    <subfield code="a">22</subfield>
    <subfield code="b">22</subfield>
    <subfield code="d">2014-01-31</subfield>
    <subfield code="l">2</subfield>
    <subfield code="o">PN4183.J83 M87</subfield>
    <subfield code="p">22 000181</subfield>
    <subfield code="r">2023-01-16</subfield>
    <subfield code="s">2016-06-04</subfield>
    <subfield code="t">1</subfield>
    <subfield code="w">2014-01-31</subfield>
    <subfield code="y">LB</subfield>
  </datafield>
  <datafield tag="999" ind1=" " ind2=" ">
    <subfield code="c">91870</subfield>
    <subfield code="d">91870</subfield>
  </datafield>
  <controlfield tag="008">140131s    2012mx     | |||| 00| 0 spa d</controlfield>
  <datafield tag="020" ind1=" " ind2=" ">
    <subfield code="a">9786078127283</subfield>
  </datafield>
  <datafield tag="050" ind1="1" ind2="4">
    <subfield code="a">PN4183.J83</subfield>
    <subfield code="b">M87</subfield>
  </datafield>
  <datafield tag="100" ind1=" " ind2=" ">
    <subfield code="a">Muro Ruiz, Eliseo</subfield>
    <subfield code="e">autor</subfield>
  </datafield>
  <datafield tag="245" ind1="1" ind2=" ">
    <subfield code="a">Algunos principios de ret&#xF3;rica y argumentaci&#xF3;n jur&#xED;dica para la pr&#xE1;ctica jurisdiccional tradicional y los juicios orales</subfield>
    <subfield code="c"> / Eliseo Muro Ruiz</subfield>
  </datafield>
  <datafield tag="260" ind1=" " ind2=" ">
    <subfield code="a">M&#xE9;xico</subfield>
    <subfield code="b">UBIJUS</subfield>
    <subfield code="c">, 2012</subfield>
  </datafield>
  <datafield tag="300" ind1=" " ind2=" ">
    <subfield code="a">213 p&#xE1;ginas</subfield>
  </datafield>
  <datafield tag="504" ind1=" " ind2=" ">
    <subfield code="a">Contenido (pp.7)
Pr&#xF3;logo (pp.11)
Introducci&#xF3;n (pp.17)
Bibliograf&#xED;a (pp.207)</subfield>
  </datafield>
  <datafield tag="505" ind1=" " ind2=" ">
    <subfield code="a">Primero. &#xBF;Qu&#xE9; contribuye en la formaci&#xF3;n de un buen abogado argumentador?
Segundo. La pol&#xED;tica normativa penal y su impacto en la interpretaci&#xF3;n y argumentaci&#xF3;n
Tercero. M&#xE9;todos de la interpretaci&#xF3;n y argumentaci&#xF3;n jur&#xED;dica ministerial
Cuarto. El valor del lenguaje filos&#xF3;fico, cient&#xED;fico, l&#xF3;gico y culto, en el pragmatismo de la argumentaci&#xF3;n jurisdiccional
Quinto. La ret&#xF3;rica para la argumentaci&#xF3; en los juicios orales en M&#xE9;xico</subfield>
  </datafield>
  <datafield tag="519" ind1=" " ind2=" ">
    <subfield code="a">Educaci&#xF3;n Mixta / </subfield>
    <subfield code="b">Criminal&#xED;stica / </subfield>
    <subfield code="c">Criminal&#xED;stica de Campo (B01) / </subfield>
    <subfield code="d">(22 000181)</subfield>
  </datafield>
  <datafield tag="650" ind1=" " ind2="0">
    <subfield code="a">ORATORIA POL&#xCD;TICA</subfield>
    <subfield code="x">JUICIOS ORALES</subfield>
    <subfield code="z">M&#xC9;XICO</subfield>
  </datafield>
  <datafield tag="650" ind1=" " ind2="0">
    <subfield code="a">DERECHO</subfield>
    <subfield code="x">JUICIOS ORALES</subfield>
    <subfield code="z">M&#xC9;XICO</subfield>
  </datafield>
  <datafield tag="942" ind1=" " ind2=" ">
    <subfield code="2">ddc</subfield>
    <subfield code="c">LB</subfield>
  </datafield>
</record>
